Statistics for 10 Most Common Verbs In the English Language

Click here to take the quiz!

General Stats

  • This quiz has been taken 10 times
  • The average score is 4 of 10

Answer Stats

Answer% Correct
Talk
80%
Want
60%
Look
50%
Ask
40%
Work
40%
Need
30%
Try
30%
Help
20%
Start
10%
Use
10%

Score Distribution

Percentile by Number Answered

Percent of People with Each Score

Your Score History

You have not taken this quiz